Cơ học chất lỏng
Những kiến thức cơ bản về cơ học chất lỏng: động học chất lỏng, các phương trình cơ bản của động học chất lỏng lý tưởng, sự chuyển động xoáy của chất lỏng lý tưởng, sự chuyển động sóng của chất lỏng...
Đã lưu trong:
| Tác giả chính: | |
|---|---|
| Định dạng: | Sách |
| Năm xuất bản: |
H.
Đại học quốc gia
2004
|
| Phiên bản: | In lần thứ 2 |
| Chủ đề: | |
| Tags: |
Thêm thẻ
Không có thẻ, Hãy là người đầu tiên gắn thẻ bản ghi này!
|
| LEADER | 09683nam a2200721 4500 | ||
|---|---|---|---|
| 082 | |a 532 |b TR 120 V | ||
| 100 | |a Trần Văn Cúc | ||
| 245 | |a Cơ học chất lỏng |c Trần Văn cúc | ||
| 250 | |a In lần thứ 2 | ||
| 260 | |a H. |b Đại học quốc gia |c 2004 | ||
| 300 | |a 220 tr. |c 20 cm | ||
| 520 | |a Những kiến thức cơ bản về cơ học chất lỏng: động học chất lỏng, các phương trình cơ bản của động học chất lỏng lý tưởng, sự chuyển động xoáy của chất lỏng lý tưởng, sự chuyển động sóng của chất lỏng... | ||
| 653 | |a Cơ học chất lỏng | ||
| 942 | |2 ddc |c STK | ||
| 999 | |c 899 |d 899 | ||
| 952 | |0 0 |1 0 |2 ddc |4 0 |6 532_000000000000000_TR_120_V |7 1 |8 500 |9 61896 |a qbu |b qbu |c D3 |d 2015-01-21 |g 20000 |o 532 TR 120 V |p 203.c1 |r 0000-00-00 |w 2015-01-21 |y STK |0 0 |6 532_TR_120000000000000_V | ||
| 952 | |0 0 |1 0 |2 ddc |4 0 |6 532_000000000000000_TR_120_V |7 0 |8 500 |9 61897 |a qbu |b qbu |c D3 |d 2015-01-21 |g 20000 |o 532 TR 120 V |p 203.c2 |r 0000-00-00 |w 2015-01-21 |y STK |0 0 |6 532_TR_120000000000000_V | ||
| 952 | |0 0 |1 0 |2 ddc |4 0 |6 532_000000000000000_TR_120_V |7 0 |8 500 |9 61898 |a qbu |b qbu |c D3 |d 2015-01-21 |g 20000 |o 532 TR 120 V |p 203.c3 |r 0000-00-00 |w 2015-01-21 |y STK |0 0 |6 532_TR_120000000000000_V | ||
| 952 | |0 0 |1 0 |2 ddc |4 0 |6 532_000000000000000_TR_120_V |7 0 |8 500 |9 61899 |a qbu |b qbu |c D3 |d 2015-01-21 |g 20000 |o 532 TR 120 V |p 203.c4 |r 0000-00-00 |w 2015-01-21 |y STK |0 0 |6 532_TR_120000000000000_V | ||
| 952 | |0 0 |1 0 |2 ddc |4 0 |6 532_000000000000000_TR_120_V |7 0 |8 500 |9 61900 |a qbu |b qbu |c D3 |d 2015-01-21 |g 20000 |o 532 TR 120 V |p 203.c5 |r 0000-00-00 |w 2015-01-21 |y STK |0 0 |6 532_TR_120000000000000_V | ||
| 952 | |0 0 |1 0 |2 ddc |4 0 |6 532_000000000000000_TR_120_V |7 0 |8 500 |9 61901 |a qbu |b qbu |c D3 |d 2015-01-21 |g 20000 |o 532 TR 120 V |p 203.c6 |r 0000-00-00 |w 2015-01-21 |y STK |0 0 |6 532_TR_120000000000000_V | ||
| 952 | |0 0 |1 0 |2 ddc |4 0 |6 532_000000000000000_TR_120_V |7 0 |8 500 |9 61902 |a qbu |b qbu |c D3 |d 2015-01-21 |g 20000 |l 3 |m 1 |o 532 TR 120 V |p 203.c7 |r 2019-01-07 |s 2018-10-19 |w 2015-01-21 |y STK |0 0 |6 532_TR_120000000000000_V | ||
| 952 | |0 0 |1 0 |2 ddc |4 0 |6 532_000000000000000_TR_120_V |7 0 |8 500 |9 61903 |a qbu |b qbu |c D3 |d 2015-01-21 |g 20000 |o 532 TR 120 V |p 203.c8 |r 0000-00-00 |w 2015-01-21 |y STK |0 0 |6 532_TR_120000000000000_V | ||
| 952 | |0 0 |1 0 |2 ddc |4 0 |6 532_000000000000000_TR_120_V |7 0 |8 500 |9 61904 |a qbu |b qbu |c D3 |d 2015-01-21 |g 20000 |o 532 TR 120 V |p 203.c9 |r 0000-00-00 |w 2015-01-21 |y STK |0 0 |6 532_TR_120000000000000_V | ||
| 952 | |0 0 |1 0 |2 ddc |4 0 |6 532_000000000000000_TR_120_V |7 0 |8 500 |9 61905 |a qbu |b qbu |c D3 |d 2015-01-21 |g 20000 |o 532 TR 120 V |p 203.c10 |r 0000-00-00 |w 2015-01-21 |y STK |0 0 |6 532_TR_120000000000000_V | ||
| 952 | |0 0 |1 0 |2 ddc |4 0 |6 532_000000000000000_TR_120_V |7 0 |8 500 |9 61906 |a qbu |b qbu |c D3 |d 2015-01-21 |g 20000 |o 532 TR 120 V |p 203.c11 |r 0000-00-00 |w 2015-01-21 |y STK |0 0 |6 532_TR_120000000000000_V | ||
| 952 | |0 0 |1 0 |2 ddc |4 0 |6 532_000000000000000_TR_120_V |7 0 |8 500 |9 61907 |a qbu |b qbu |c D3 |d 2015-01-21 |g 20000 |o 532 TR 120 V |p 203.c12 |r 0000-00-00 |w 2015-01-21 |y STK |0 0 |6 532_TR_120000000000000_V | ||
| 952 | |0 0 |1 0 |2 ddc |4 0 |6 532_000000000000000_TR_120_V |7 0 |8 500 |9 61908 |a qbu |b qbu |c D3 |d 2015-01-21 |g 20000 |o 532 TR 120 V |p 203.c13 |r 0000-00-00 |w 2015-01-21 |y STK |0 0 |6 532_TR_120000000000000_V | ||
| 952 | |0 0 |1 0 |2 ddc |4 0 |6 532_000000000000000_TR_120_V |7 0 |8 500 |9 61909 |a qbu |b qbu |c D3 |d 2015-01-21 |g 20000 |o 532 TR 120 V |p 203.c14 |r 0000-00-00 |w 2015-01-21 |y STK |0 0 |6 532_TR_120000000000000_V | ||
| 952 | |0 0 |1 0 |2 ddc |4 0 |6 532_000000000000000_TR_120_V |7 0 |8 500 |9 61910 |a qbu |b qbu |c D3 |d 2015-01-21 |g 20000 |o 532 TR 120 V |p 203.c15 |r 0000-00-00 |w 2015-01-21 |y STK |0 0 |6 532_TR_120000000000000_V | ||
| 952 | |0 0 |1 0 |2 ddc |4 0 |6 532_000000000000000_TR_120_V |7 0 |8 500 |9 61911 |a qbu |b qbu |c D3 |d 2015-01-21 |g 20000 |o 532 TR 120 V |p 203.c16 |r 0000-00-00 |w 2015-01-21 |y STK |0 0 |6 532_TR_120000000000000_V | ||
| 952 | |0 0 |1 0 |2 ddc |4 0 |6 532_000000000000000_TR_120_V |7 0 |8 500 |9 61912 |a qbu |b qbu |c D3 |d 2015-01-21 |g 20000 |o 532 TR 120 V |p 203.c17 |r 0000-00-00 |w 2015-01-21 |y STK |0 0 |6 532_TR_120000000000000_V | ||
| 952 | |0 0 |1 0 |2 ddc |4 0 |6 532_000000000000000_TR_120_V |7 0 |8 500 |9 61913 |a qbu |b qbu |c D3 |d 2015-01-21 |g 20000 |o 532 TR 120 V |p 203.c18 |r 0000-00-00 |w 2015-01-21 |y STK |0 0 |6 532_TR_120000000000000_V | ||
| 952 | |0 0 |1 0 |2 ddc |4 0 |6 532_000000000000000_TR_120_V |7 0 |8 500 |9 61914 |a qbu |b qbu |c D3 |d 2015-01-21 |g 20000 |o 532 TR 120 V |p 203.c19 |r 0000-00-00 |w 2015-01-21 |y STK |0 0 |6 532_TR_120000000000000_V | ||
| 952 | |0 0 |1 0 |2 ddc |4 0 |6 532_000000000000000_TR_120_V |7 0 |8 500 |9 61915 |a qbu |b qbu |c D3 |d 2015-01-21 |g 20000 |o 532 TR 120 V |p 203.c20 |r 0000-00-00 |w 2015-01-21 |y STK |0 0 |6 532_TR_120000000000000_V | ||
| 952 | |0 0 |1 0 |2 ddc |4 0 |6 532_000000000000000_TR_120_V |7 0 |8 500 |9 61916 |a qbu |b qbu |c D3 |d 2015-01-21 |g 20000 |o 532 TR 120 V |p 203.c21 |r 0000-00-00 |w 2015-01-21 |y STK |0 0 |6 532_TR_120000000000000_V | ||
| 952 | |0 0 |1 0 |2 ddc |4 0 |6 532_000000000000000_TR_120_V |7 0 |8 500 |9 61917 |a qbu |b qbu |c D3 |d 2015-01-21 |g 20000 |o 532 TR 120 V |p 203.c22 |r 0000-00-00 |w 2015-01-21 |y STK |0 0 |6 532_TR_120000000000000_V | ||
| 952 | |0 0 |1 0 |2 ddc |4 0 |6 532_000000000000000_TR_120_V |7 0 |8 500 |9 61918 |a qbu |b qbu |c D3 |d 2015-01-21 |g 20000 |o 532 TR 120 V |p 203.c23 |r 0000-00-00 |w 2015-01-21 |y STK |0 0 |6 532_TR_120000000000000_V | ||
| 952 | |0 0 |1 0 |2 ddc |4 0 |6 532_000000000000000_TR_120_V |7 0 |8 500 |9 61919 |a qbu |b qbu |c D3 |d 2015-01-21 |g 20000 |o 532 TR 120 V |p 203.c24 |r 0000-00-00 |w 2015-01-21 |y STK |0 0 |6 532_TR_120000000000000_V | ||
| 952 | |0 0 |1 0 |2 ddc |4 0 |6 532_000000000000000_TR_120_V |7 0 |8 500 |9 61920 |a qbu |b qbu |c D3 |d 2015-01-21 |g 20000 |o 532 TR 120 V |p 203.c25 |r 0000-00-00 |w 2015-01-21 |y STK |0 0 |6 532_TR_120000000000000_V | ||
| 952 | |0 0 |1 0 |2 ddc |4 0 |6 532_000000000000000_TR_120_V |7 0 |8 500 |9 61921 |a qbu |b qbu |c D3 |d 2015-01-21 |g 20000 |o 532 TR 120 V |p 203.c26 |r 0000-00-00 |w 2015-01-21 |y STK |0 0 |6 532_TR_120000000000000_V | ||
| 952 | |0 0 |1 0 |2 ddc |4 0 |6 532_000000000000000_TR_120_V |7 0 |8 500 |9 61922 |a qbu |b qbu |c D3 |d 2015-01-21 |g 20000 |o 532 TR 120 V |p 203.c27 |r 0000-00-00 |w 2015-01-21 |y STK |0 0 |6 532_TR_120000000000000_V | ||
| 952 | |0 0 |1 0 |2 ddc |4 0 |6 532_000000000000000_TR_120_V |7 0 |8 500 |9 61923 |a qbu |b qbu |c D3 |d 2015-01-21 |g 20000 |o 532 TR 120 V |p 203.c28 |r 0000-00-00 |w 2015-01-21 |y STK |0 0 |6 532_TR_120000000000000_V | ||
| 952 | |0 0 |1 0 |2 ddc |4 0 |6 532_000000000000000_TR_120_V |7 0 |8 500 |9 61924 |a qbu |b qbu |c D3 |d 2015-01-21 |g 20000 |o 532 TR 120 V |p 203.c29 |r 0000-00-00 |w 2015-01-21 |y STK |0 0 |6 532_TR_120000000000000_V | ||
| 952 | |0 0 |1 0 |2 ddc |4 0 |6 532_000000000000000_TR_120_V |7 0 |8 500 |9 61925 |a qbu |b qbu |c D3 |d 2015-01-21 |g 20000 |o 532 TR 120 V |p 203.c30 |r 0000-00-00 |w 2015-01-21 |y STK |0 0 |6 532_TR_120000000000000_V | ||
| 952 | |0 0 |1 0 |2 ddc |4 0 |6 532_000000000000000_TR_120_V |7 0 |8 500 |9 61926 |a qbu |b qbu |c D3 |d 2015-01-21 |g 20000 |o 532 TR 120 V |p 203.c31 |r 0000-00-00 |w 2015-01-21 |y STK |0 0 |6 532_TR_120000000000000_V | ||
| 952 | |0 0 |1 0 |2 ddc |4 0 |6 532_000000000000000_TR_120_V |7 0 |8 500 |9 61927 |a qbu |b qbu |c D3 |d 2015-01-21 |g 20000 |o 532 TR 120 V |p 203.c32 |r 0000-00-00 |w 2015-01-21 |y STK |0 0 |6 532_TR_120000000000000_V | ||
| 952 | |0 0 |1 0 |2 ddc |4 0 |6 532_000000000000000_TR_120_V |7 0 |8 500 |9 61928 |a qbu |b qbu |c D3 |d 2015-01-21 |g 20000 |o 532 TR 120 V |p 203.c33 |r 0000-00-00 |w 2015-01-21 |y STK |0 0 |6 532_TR_120000000000000_V | ||
| 952 | |0 0 |1 0 |2 ddc |4 0 |6 532_000000000000000_TR_120_V |7 0 |8 500 |9 61929 |a qbu |b qbu |c D3 |d 2015-01-21 |g 20000 |o 532 TR 120 V |p 203.c34 |r 0000-00-00 |w 2015-01-21 |y STK |0 0 |6 532_TR_120000000000000_V | ||
| 952 | |0 0 |1 0 |2 ddc |4 0 |6 532_000000000000000_TR_120_V |7 0 |8 500 |9 61930 |a qbu |b qbu |c D3 |d 2015-01-21 |g 20000 |o 532 TR 120 V |p 203.c35 |r 0000-00-00 |w 2015-01-21 |y STK |0 0 |6 532_TR_120000000000000_V | ||
| 952 | |0 0 |1 0 |2 ddc |4 0 |6 532_000000000000000_TR_120_V |7 0 |8 500 |9 61931 |a qbu |b qbu |c D3 |d 2015-01-21 |g 20000 |o 532 TR 120 V |p 203.c36 |r 0000-00-00 |w 2015-01-21 |y STK |0 0 |6 532_TR_120000000000000_V | ||
| 952 | |0 0 |1 0 |2 ddc |4 0 |6 532_000000000000000_TR_120_V |7 0 |8 500 |9 61932 |a qbu |b qbu |c D3 |d 2015-01-21 |g 20000 |o 532 TR 120 V |p 203.c37 |r 0000-00-00 |w 2015-01-21 |y STK |0 0 |6 532_TR_120000000000000_V | ||
| 952 | |0 0 |1 0 |2 ddc |4 0 |6 532_000000000000000_TR_120_V |7 0 |8 500 |9 61933 |a qbu |b qbu |c D3 |d 2015-01-21 |g 20000 |o 532 TR 120 V |p 203.c38 |r 0000-00-00 |w 2015-01-21 |y STK |0 0 |6 532_TR_120000000000000_V | ||
| 952 | |0 0 |1 0 |2 ddc |4 0 |6 532_000000000000000_TR_120_V |7 0 |8 500 |9 61934 |a qbu |b qbu |c D3 |d 2015-01-21 |g 20000 |o 532 TR 120 V |p 203.c39 |r 0000-00-00 |w 2015-01-21 |y STK |0 0 |6 532_TR_120000000000000_V | ||
| 952 | |0 0 |1 0 |2 ddc |4 0 |6 532_000000000000000_TR_120_V |7 0 |8 500 |9 61935 |a qbu |b qbu |c D3 |d 2015-01-21 |g 20000 |o 532 TR 120 V |p 203.c40 |r 0000-00-00 |w 2015-01-21 |y STK |0 0 |6 532_TR_120000000000000_V | ||
| 952 | |0 0 |1 0 |2 ddc |4 0 |6 532_000000000000000_TR_120_V |7 0 |8 500 |9 61936 |a qbu |b qbu |c D3 |d 2015-01-21 |g 20000 |o 532 TR 120 V |p 203.c41 |r 0000-00-00 |w 2015-01-21 |y STK |0 0 |6 532_TR_120000000000000_V | ||
| 952 | |0 0 |1 0 |2 ddc |4 0 |6 532_000000000000000_TR_120_V |7 0 |8 500 |9 61937 |a qbu |b qbu |c D3 |d 2015-01-21 |g 20000 |o 532 TR 120 V |p 203.c42 |r 0000-00-00 |w 2015-01-21 |y STK |0 0 |6 532_TR_120000000000000_V | ||
| 952 | |0 0 |1 0 |2 ddc |4 0 |6 532_000000000000000_TR_120_V |7 0 |8 500 |9 61938 |a qbu |b qbu |c D3 |d 2015-01-21 |g 20000 |o 532 TR 120 V |p 203.c43 |r 0000-00-00 |w 2015-01-21 |y STK |0 0 |6 532_TR_120000000000000_V | ||
| 952 | |0 0 |1 0 |2 ddc |4 0 |6 532_000000000000000_TR_120_V |7 0 |8 500 |9 61939 |a qbu |b qbu |c D3 |d 2015-01-21 |g 20000 |o 532 TR 120 V |p 203.c44 |r 0000-00-00 |w 2015-01-21 |y STK |0 0 |6 532_TR_120000000000000_V | ||
| 952 | |0 0 |1 0 |2 ddc |4 0 |6 532_000000000000000_TR_120_V |7 0 |8 500 |9 61940 |a qbu |b qbu |c D3 |d 2015-01-21 |g 20000 |o 532 TR 120 V |p 203.c45 |r 0000-00-00 |w 2015-01-21 |y STK |0 0 |6 532_TR_120000000000000_V | ||
| 952 | |0 0 |1 0 |2 ddc |4 0 |6 532_000000000000000_TR_120_V |7 0 |8 500 |9 61941 |a qbu |b qbu |c D3 |d 2015-01-21 |g 20000 |o 532 TR 120 V |p 203.c46 |r 0000-00-00 |w 2015-01-21 |y STK |0 0 |6 532_TR_120000000000000_V | ||
| 952 | |0 0 |1 0 |2 ddc |4 0 |6 532_000000000000000_TR_120_V |7 0 |8 500 |9 61942 |a qbu |b qbu |c D3 |d 2015-01-21 |g 20000 |o 532 TR 120 V |p 203.c47 |r 0000-00-00 |w 2015-01-21 |y STK |0 0 |6 532_TR_120000000000000_V | ||
| 952 | |0 0 |1 0 |2 ddc |4 0 |6 532_000000000000000_TR_120_V |7 0 |8 500 |9 61943 |a qbu |b qbu |c D3 |d 2015-01-21 |g 20000 |o 532 TR 120 V |p 203.c48 |r 0000-00-00 |w 2015-01-21 |y STK |0 0 |6 532_TR_120000000000000_V | ||